Actas de la comisión mista de senadores i diputados, encargada de informar sobre el Proyecto de Código de Procedimiento Penal

Spremljeno u:
Bibliografski detalji
Format: Knjiga
Jezik:španjolski
Izdano: Santiago Imprenta Cervantes 1902
Teme:
Oznake: Dodaj oznaku
Bez oznaka, Budi prvi tko označuje ovaj zapis!

MARC

LEADER 00000cam a2200000 a 4500
001 UCF8851
003 CL-VaPUC
008 131011e19020000cl |||||||||||||||||spa|d
082 0 4 |a 347.83  |b ACT  |2 21 
245 1 0 |a Actas de la comisión mista de senadores i diputados, encargada de informar sobre el Proyecto de Código de Procedimiento Penal 
300 |a 498 p 
942 |c BK 
945 |d 20131011 10:45:00  |a cmena 
260 |a Santiago  |b Imprenta Cervantes  |c 1902 
650 0 |a Código procesal penal  |9 432657 
650 0 |a Derecho procesal penal   |9 256392 
650 7 |a PROYECTOS DE LEY  |2 CL-VaPUC  |9 388710 
583 |a last modification  |c 20131011 10:45:00  |k Rodrigo Vera 
999 |c 353382  |d 353380 
952 |0 0  |1 0  |2 ddc  |3 erd  |4 0  |5 1  |6 347_830000000000000_ACT_1902  |7 1  |8 C_LRYV  |9 458537  |a FDOBRV  |b BIBDER  |d 2019-11-23  |i 5020352  |o 347.83 ACT 1902  |p 5020352  |r 2023-01-25  |w 2019-11-23  |y BK_X  |z Catalogado en:20131011  |k BRV 
952 |0 0  |1 0  |2 ddc  |3 erd  |4 0  |5 1  |6 347_830000000000000_ACT_1902  |7 1  |8 C_LRYV  |9 458538  |a FDOBRV  |b BIBDER  |d 2019-11-23  |i 5020344  |o 347.83 ACT 1902  |p 5020344  |r 2023-01-25  |w 2019-11-23  |y BK_X  |z Catalogado en:20131011  |k BRV